Statistics for దేశాల జెండాల క్విజ్ ౧ (dēśāla jeṇḍāla kvij 1)

Click here to take the quiz!

General Stats

  • This quiz has been taken 21 times
  • The average score is 9 of 20

Answer Stats

Answer% Correct
అమెరికా సంయుక్త రాష్ట్రాలు | amerikā samyukta rāṣṭrālu
92%
బ్రిటన్ | briṭan
75%
ఆస్ట్రేలియా | āsṭrēliyā
67%
జపాన్ | japān
67%
ఇరాన్ | irān
50%
జమైకా | jamaikā
50%
ఐర్లాండ్ | airlāṇḍ
42%
బ్రెజిల్ | brejil
42%
చైనా | cainā
42%
ఇటలీ | iṭalī
42%
కెనడా | kenaḍā
42%
గ్రీస్ | grīs
33%
మెక్సికో | meksikō
33%
నార్వే | nārvē
33%
ఫ్రాన్స్ | phrāns
33%
స్వీడన్ | svīḍan
33%
నెదర్లాండ్స్ | nedarlāṇḍs
25%
దక్షిణాఫ్రికా | dakṣiṇāphrikā
17%
ఇజ్రాయిల్ | ijrāyil
17%
రష్యా | raṣyā
17%

Score Distribution

Percentile by Number Answered

Percent of People with Each Score

Your Score History

You have not taken this quiz